书目信息 |
| 题名: |
书法基础与欣赏 下册
|
|
| 作者: | 钟明善 编著 | |
| 分册: | ||
| 出版信息: | 西安 西安交通大学出版社 2000.02 |
|
| 页数: | 209页 | |
| 开本: | 26cm | |
| 丛书名: | ||
| 单 册: | ||
| 中图分类: | J292.1 | |
| 科图分类: | ||
| 主题词: | 书法--中国 , 篆刻--中国 | |
| 电子资源: | ||
| ISBN: | 7-5605-1218-6 | |
| 000 | 00597nam0 2200205 45 | |
| 001 | 0436830179 | |
| 005 | 2004042810134902 | |
| 010 | @a7-5605-1218-6@dCNY 16.00 | |
| 100 | @a20040428d2000 km y0chiy0120 ea | |
| 101 | 0 | @achi |
| 102 | @aCN@b610000 | |
| 200 | 1 | @a书法基础与欣赏 下册@AShu Fa Ji Chu Yu Xin Shang Xia Ce@f钟明善编著@FZhong Ming Shan Bian Zhu |
| 210 | @a西安@c西安交通大学出版社@d2000.02 | |
| 215 | @a209页@d26cm | |
| 606 | 0 | @a书法@x中国 |
| 606 | 0 | @a篆刻@x中国 |
| 690 | @aJ292.1@v3 | |
| 701 | 0 | @a钟明善@AZhong Ming Shan@4编著 |
| 801 | 0 | @aCN@bPFT@c20040428 |
| 905 | @dJ292.1@eZ729:2 | |
| 书法基础与欣赏 下册/钟明善编著.-西安:西安交通大学出版社,2000.02 |
| 209页;26cm |
| ISBN 7-5605-1218-6:CNY 16.00 |
| ● |
| 相关链接 |
|
|
|
正题名:书法基础与欣赏 下册
索取号:J292.1/Z729:2
 
预约/预借
| 序号 | 登录号 | 条形码 | 馆藏地/架位号 | 状态 | 备注 |
| 1 | 382432 | 203824326 | 社科库309/309社科库 79排1列5层/ [索取号:J292.1/Z729:2] | 在馆 | |
| 2 | 382433 | 203824335 | 社科库309/309社科库 79排1列5层/ [索取号:J292.1/Z729:2] | 在馆 | |
| 3 | 382434 | 203824344 | 数理学院资料室/ [索取号:J292.1/Z729:2] | 在馆 |